| 000 | 00603nam a22002057a 4500 | ||
|---|---|---|---|
| 005 | 20220422103120.0 | ||
| 008 | 220422b ||||| |||| 00| 0 eng d | ||
| 040 | _cAL | ||
| 041 | _aEnglish | ||
| 082 |
_223 _a821 _bMUNS |
||
| 100 |
_aShireen Sarojini Munsamy _930890 |
||
| 245 | _aSunrise to Sunset | ||
| 260 |
_aSouth Africa _bDravidian Afro Publications _c1997 |
||
| 300 |
_a85 p. _bPB _c20x13 cm. |
||
| 650 |
_aIndian Immigration to Natal _930891 |
||
| 650 |
_aEconomic Contributions _930892 |
||
| 650 |
_aIndian Labour _930893 |
||
| 700 |
_aMUNSAMY (Shireen Sarojini) _930894 |
||
| 942 |
_2ddc _cGF |
||
| 999 |
_c222553 _d222553 |
||